Представление документа в формате RUSMARC

ПолеНазваниеЗначение
  Тип записи a
  Библиографический уровень a
001 Контрольный номер RU/CBS_Ul/BASE/442499285
005 Дата корректировки 20240209175134.2
100 Данные общей обработки __
a Данные общей обработки 20140108d2014 ||| 0rusy0189 ca
101 Язык документа 0_
a Язык текста rus
102 Страна публикации __
a Страна публикации RU
105 Кодированные данные (монография) __
a Кодированные данные (монография) y###||||000|y
200 Заглавие и сведения об ответственности 1_
a Заглавие Всемирная паутина
b Общее обозначение материала Текст
e Сведения, относящиеся к заглавию [сценарий мероприятия, посвящённого Интернет-технологиям ]
f Первые сведения об ответственности Т. Ясевич
300 Общие примечания __
a Общие примечания Ограничения по возрасту - 12+
461 Уровень набора _0
1 2000
a Праздник в школе
463 Уровень физической единицы _0
1 001RU/CBS_Ul/BASE/442328380
1 2000
a №12
v С.67-70.- (Компьютерный мир).
1 210
d 2013
686 Индексы других классификаций __
a Классификационный индекс 74.200.58
2 Код системы ББК
700 Автор _1
a Фамилия Ясевич
b Имя (инициалы) Т.
g Полное личное имя Т.
801 Источник записи _0
a Страна RU
b Организация МБУК ЦБС г. Ульяновска
c Дата составления 20140108
g Правила каталогизации RCR
801 Источник записи _1
a Страна RU
b Организация МБУК ЦБС г. Ульяновска
c Дата составления 20140108
g Правила каталогизации RCR
901 Тип документа __
t Тип документа b
w Контрольный № источника RU/CBS_Ul/BASE/442328380
910 Корректоры записи __
a Корректор записи Михайлова
938 Служебная информация __
a Имя БД period